Modern weapons / (Record no. 134844)
[ view plain ]
| 000 -LEADER | |
|---|---|
| fixed length control field | 00690nam a22002297a 4500 |
| 005 - DATE AND TIME OF LATEST TRANSACTION | |
| control field | 20170124110236.0 |
| 010 ## - LIBRARY OF CONGRESS CONTROL NUMBER | |
| LC control number | 989219 |
| 020 ## - INTERNATIONAL STANDARD BOOK NUMBER | |
| Terms of availability | 00.00 |
| International Standard Book Number | 0723224269 |
| 035 ## - SYSTEM CONTROL NUMBER | |
| System control number | 989219 |
| 037 ## - SOURCE OF ACQUISITION | |
| Source of stock number/acquisition | Cen Lib/Ret |
| 040 ## - CATALOGING SOURCE | |
| Original cataloging agency | DPL |
| Language of cataloging | EN |
| 082 ## - DEWEY DECIMAL CLASSIFICATION NUMBER | |
| Classification number | 623.4 |
| Item number | SEG |
| 100 ## - MAIN ENTRY--PERSONAL NAME | |
| Personal name | Segrelles, Vincent |
| 9 (RLIN) | 41940 |
| 245 ## - TITLE STATEMENT | |
| Title | Modern weapons / |
| Statement of responsibility, etc | by Vincent Segrelles: translated by Arthur Butterfield |
| 260 ## - PUBLICATION, DISTRIBUTION, ETC. (IMPRINT) | |
| Place of publication, distribution, etc | London |
| Name of publisher, distributor, etc | Frederick Warne Publishers |
| Date of publication, distribution, etc | 1980 |
| 270 ## - ADDRESS | |
| City | London |
| 300 ## - PHYSICAL DESCRIPTION | |
| Extent | 61p.: |
| Dimensions | 26cm(Hb) |
| Other physical details | ill. |
| 650 ## - SUBJECT ADDED ENTRY--TOPICAL TERM | |
| Topical term or geographic name as entry element | Ordnance, Naval |
| 9 (RLIN) | 41941 |
| 650 ## - SUBJECT ADDED ENTRY--TOPICAL TERM | |
| Topical term or geographic name as entry element | Explosive ordnance disposal |
| 9 (RLIN) | 41942 |
| 700 ## - ADDED ENTRY--PERSONAL NAME | |
| Personal name | Butterfield, Arthur |
| 9 (RLIN) | 41919 |
| 942 ## - ADDED ENTRY ELEMENTS (KOHA) | |
| Source of classification or shelving scheme | Dewey Decimal Classification |
| Koha item type | English Books |
| Classification part | 623.4 |
| Call number suffix | SEG |
| Withdrawn status | Lost status | Damaged status | Not for loan | Home library | Current library | Date acquired | Source of acquisition | Cost, normal purchase price | Total Checkouts | Full call number | Barcode | Date last seen | Copy number | Cost, replacement price | Price effective from | Koha item type |
|---|---|---|---|---|---|---|---|---|---|---|---|---|---|---|---|---|
| Central Library | Central Library | 31/07/2015 | Cen Lib/Ret | 0.00 | 623.4 SEG | 989219 | 31/07/2015 | 1 | 0.00 | 31/07/2015 | English Books |
